000 00676nam a2200265Ia 4500
005 20260121165514.0
008 008 260114s9999 xx 000 0 eng d
020 _a9789811049040
037 _aEBOOK
040 _aCRL
040 _beng
040 _cCRL
041 _2eng
041 _aeng
084 _qCRL
100 _aMinoru Sawai
_91052543
245 4 _aThe Development of Railway Technology in East Asia in Comparative Perspective
260 _bSpringer
260 _bSpringer
260 _c2017
856 _uhttps://link.springer.com/openurl?genre=book&isbn=978-981-10-4904-0
942 _cEBOOK
999 _c1618269
_d1618269